Sports Quiz

Random Sports or Football Quiz

Angleterre : Les joueurs français champions Quiz Stats

 Plays Quiz not verified by Sporcle

Score 0/61 Timer 15:00
2 Plays Today
Année Joueur % Correct
1993Eric Cantona
98.3%
1994Eric Cantona
98.3%
1996Eric Cantona
98.3%
1997Eric Cantona
98.3%
2002Thierry Henry
96.6%
2004Thierry Henry
96.6%
2002Robert Pires
87.6%
2004Robert Pires
87.6%
2016N'Golo Kanté
86.3%
2017N'Golo Kanté
86.3%
1998Patrick Vieira
79.9%
2002Patrick Vieira
79.9%
2004Patrick Vieira
79.9%
2007Patrice Evra
78.6%
2008Patrice Evra
78.6%
2009Patrice Evra
78.6%
2011Patrice Evra
78.6%
2013Patrice Evra
78.6%
1998Emmanuel Petit
74.7%
2018Aymeric Laporte
74.6%
2019Aymeric Laporte
74.6%
2001Fabien Barthez
73.5%
2003Fabien Barthez
73.5%
2018Benjamin Mendy
70.9%
2019Benjamin Mendy
70.9%
2003Laurent Blanc
63.7%
2012Samir Nasri
63.5%
2014Samir Nasri
63.5%
1998Nicolas Anelka
63.2%
2010Nicolas Anelka
63.2%
2002Sylvain Wiltord
60.5%
Année Joueur % Correct
2004Sylvain Wiltord
60.5%
2004Gaël Clichy
56.4%
2012Gaël Clichy
56.4%
2014Gaël Clichy
56.4%
2010Florent Malouda
52.2%
2005Claude Makelele
50.2%
2006Claude Makelele
50.2%
2005William Gallas
47.9%
2006William Gallas
47.9%
2000Mikaël Silvestre
46.1%
2001Mikaël Silvestre
46.1%
2003Mikaël Silvestre
46.1%
2007Mikaël Silvestre
46.1%
2008Mikaël Silvestre
46.1%
2007Louis Saha
43.4%
2008Louis Saha
43.4%
2015Kurt Zouma
38.4%
2017Kurt Zouma
38.4%
2018Eliaquim Mangala
36.6%
1998Gilles Grimandi
34.4%
2002Gilles Grimandi
34.4%
2004Pascal Cygan
24.2%
2006Lassana Diarra
23.5%
1998Rémi Garde
22.8%
2011Gabriel Obertan
17.8%
2002Jérémie Aliadière
17.8%
2004Jérémie Aliadière
17.8%
1996William Prunier
13.7%
2010Gaël Kakuta
9%
2015Loïc Rémy
8.4%
Remove Ads.
Support Sporcle.
Get the best of Sporcle when you Go Orange. This ad-free experience offers more features, more stats, and more fun while also helping to support Sporcle. Thank you for becoming a member.

You're not logged in!

Compare scores with friends on all Sporcle quizzes.
OR
Log In

Sporcle TV

Today on Sporcle TV


Watch our educational content, quiz creation guides, and fun videos on Sporcle TV.

Show Comments

Extras

Created Jun 22, 2020ReportNominate
Tags:Football Quiz

Top Quizzes Today


Score Distribution

Paid Content

Your Account Isn't Verified!

In order to create a playlist on Sporcle, you need to verify the email address you used during registration. Go to your Sporcle Settings to finish the process.

Report this User

Report this user for behavior that violates our Community Guidelines.

Details: